Chemistry for changing times (Record no. 6757)

MARC details
000 -LEADER
fixed length control field 00643nam a22002057a 4500
003 - CONTROL NUMBER IDENTIFIER
control field OSt
005 - DATE AND TIME OF LATEST TRANSACTION
control field 20251203113339.0
008 - FIXED-LENGTH DATA ELEMENTS--GENERAL INFORMATION
fixed length control field 251203b |||||||| |||| 00| 0 eng d
020 ## - INTERNATIONAL STANDARD BOOK NUMBER
International Standard Book Number 13-978-981-06-9808-9.
040 ## - CATALOGING SOURCE
Original cataloging agency DWCL-Main lib
Transcribing agency OC
082 ## - DEWEY DECIMAL CLASSIFICATION NUMBER
Edition number 11th ed.
Classification number Circ. 540 H646 2007
100 ## - MAIN ENTRY--PERSONAL NAME
Personal name Kolb, Doris K.
245 ## - TITLE STATEMENT
Title Chemistry for changing times
Statement of responsibility, etc. Kolb, Doris K.
260 ## - PUBLICATION, DISTRIBUTION, ETC.
Place of publication, distribution, etc. Singapore :
Name of publisher, distributor, etc. Pearson Education Asia Pte. Ltd.,
Date of publication, distribution, etc. c2007.
300 ## - PHYSICAL DESCRIPTION
Extent xxxi, (various paging) :
Other physical details illustration ;
Dimensions 24 cm.
650 ## - SUBJECT ADDED ENTRY--TOPICAL TERM
Source of heading or term 1. Chemistry.
700 ## - ADDED ENTRY--PERSONAL NAME
Personal name Mccreary, Terry W.
700 ## - ADDED ENTRY--PERSONAL NAME
Personal name Hill, John W.
942 ## - ADDED ENTRY ELEMENTS (KOHA)
Source of classification or shelving scheme Dewey Decimal Classification
Koha item type Book Circulation
Edition 11th ed.
Call number prefix Circ.
Suppress in OPAC No
952 ## - LOCATION AND ITEM INFORMATION (KOHA)
--
952 ## - LOCATION AND ITEM INFORMATION (KOHA)
--
Holdings
Withdrawn status Lost status Source of classification or shelving scheme Damaged status Not for loan Home library Current library Shelving location Date acquired Source of acquisition Cost, normal purchase price Total Checkouts Full call number Barcode Date last seen Copy number Price effective from Koha item type Uniform Resource Identifier
    Dewey Decimal Classification     College Library College Library Circulation 06/16/2008 School Fund 798.00   Circ. 540 H646 2007 45696 12/03/2025 c1 12/03/2025 BK-CIRC
    Dewey Decimal Classification     College Library College Library Circulation 06/16/2008 School Fund 798.00   Circ. 540 H646 2007 45695 12/03/2025 c2 12/03/2025 BK-CIRC